Governi occulti e società segrete : dietro le quinte della storia /

Uloženo v:
Podrobná bibliografie
Hlavní autor: Hutin, Serge (Autor)
Další autoři: De Turris, Gianfranco, Fusco, Sebastiano, (1944- ), Magry, Miriam
Médium: Kniha
Jazyk:italština
Vydáno: Roma : Edizioni mediterranee, 1996
Vydání:2. ed. riveduta e aggiornata
Edice:Biblioteca dei misteri
Tagy: Přidat tag
Žádné tagy, Buďte první, kdo vytvoří štítek k tomuto záznamu!

MARC

LEADER 00000nam a22000007i 4500
001 IT\ICCU\BVE\0119139
003 ItRI
005 20240130164433.0
008 970611s1996 it |||||| ||||| |||||c
020 |a 8827206922 
040 |b ita  |c GP 
041 7 |a ita  |2 ISO-639-2 
082 |a 366  |2 21 
100 1 |a Hutin, Serge  |0 IT\ICCU\CFIV\097147  |4 aut 
240 1 0 |a Gouvernants invisibles et societes secretes .  |9 Hutin, Serge 
245 1 0 |a Governi occulti e società segrete :  |b dietro le quinte della storia /  |c Serge Hutin ; introduzione di Gianfranco de Turris ; traduzione dal francese di Miriam Magry. 
250 |a 2. ed. riveduta e aggiornata 
260 |a Roma :  |b Edizioni mediterranee,  |c 1996 
300 |a 162 p. ;  |c 22 cm. 
700 1 |a De Turris, Gianfranco  |0 IT\ICCU\CFIV\025260 
700 1 |a Fusco, Sebastiano,  |d  (1944- )  |0 IT\ICCU\CFIV\330450 
700 1 |a Magry, Miriam  |0 IT\ICCU\SBLV\214393 
830 0 |a Biblioteca dei misteri  |0 IT\ICCU\CFI\0031512 
942 |2 ddc  |c BK 
952 |0 0  |1 0  |2 ddc  |4 0  |6 366_170000000000000_HUT  |7 1  |9 539  |a RM  |b RM  |d 2024-01-30  |l 0  |o 366.17 HUT  |p 30  |r 2024-01-30 16:45:02  |w 2024-01-30  |y BK 
981 1 |6 z01  |a i   |b xxxe  
982 1 |6 z01  |a n 
999 |c 475  |d 475